Learning Resource and Development

Awareness, usage and effects of e-commerce among clothing vendors in the municipality of Buhi / (Record no. 31915)

MARC details
000 -LEADER
fixed length control field 03010nam a2200313 i 4500
003 - CONTROL NUMBER IDENTIFIER
control field CSPC
005 - DATE AND TIME OF LATEST TRANSACTION
control field 20260226151657.0
008 - FIXED-LENGTH DATA ELEMENTS--GENERAL INFORMATION
fixed length control field 260226s2025 ph a b 000 0 eng d
040 ## - CATALOGING SOURCE
Original cataloging agency CSPC
Language of cataloging eng
Transcribing agency CSPC
Description conventions rda
090 ## - LOCALLY ASSIGNED LC-TYPE CALL NUMBER (OCLC); LOCAL CALL NUMBER (RLIN)
Classification number (OCLC) (R) ; Classification number, CALL (RLIN) (NR) UTH BSOA L119a 2025
100 1# - MAIN ENTRY--PERSONAL NAME
Personal name Lacoste, Vien T.,
Relator term author.
245 10 - TITLE STATEMENT
Title Awareness, usage and effects of e-commerce among clothing vendors in the municipality of Buhi /
Statement of responsibility, etc. Vien T. Lacoste, Alaysa O. Ladao, and Aira F. Lecitivo.,
260 ## - PUBLICATION, DISTRIBUTION, ETC.
Place of publication, distribution, etc. Buhi, Camarines Sur :
Name of publisher, distributor, etc. Camarines Sur Polytechnic Colleges,
Date of publication, distribution, etc. 2025.
300 ## - PHYSICAL DESCRIPTION
Extent 149 leaves.
336 ## - CONTENT TYPE
Source rdacontent
Content type term text
337 ## - MEDIA TYPE
Source rdamedia
Media type term unmediated
338 ## - CARRIER TYPE
Source rdacarrier
Carrier type term volume
502 ## - DISSERTATION NOTE
Dissertation note Undergraduate Thesis (BSOA)- Office Administration.
Name of granting institution Camarines Sur Polytechnic Colleges, 2025.
504 ## - BIBLIOGRAPHY, ETC. NOTE
Bibliography, etc. note Includes bibliographical references.
520 3# - SUMMARY, ETC.
Summary, etc. This study explores the awareness, usage, and effects of e-commerce among the clothing vendors in the municipality of Buhi. This study examines the awareness, adoption, and impact, and impact of e-commerce among clothing vendors in Buhi's public market. The study revealed that fourteen mainly older, female respondents, who have been in the second-hand clothing business for over 10 years, participated. Most had access to technology, but half of them did not sell online. For those who did, Facebook Marketplace was the most popular platform, with little use of Shopee. The findings showed that while the vendors had a moderate understanding of e-commerce, especially in communicating with customers, they lacked knowledge about technical aspects like setting up accounts and managing inventory. They mainly got information from traditional media and personal contacts, with little engagement in digital or government resources. Although they saw some positive impacts of e-commerce, such as increased sales and customer reach, they faced challenges like high prices, limited teach access, scams, and delivery issues. The study found significant links between the vendors' demographic and their use of e-commerce. It concluded that while e-commerce has growth potential, there's a need for training, better infrastructure, and supportive policies to help clothing vendors in Buhi succeed in the digital market. Overall, the findings highlight that while e-commerce offers clear opportunities for growth and competitiveness, local vendors are not yet fully equipped to maximize its potential, and targeted training improved infrastructure, and responsive policies are essential to empower them and ensure their sustainability in the evolving digital economy.
700 1# - ADDED ENTRY--PERSONAL NAME
Personal name Ladao, Alaysa O.,
Relator term author.
700 1# - ADDED ENTRY--PERSONAL NAME
Personal name Lecitivo, Aira F.,
Relator term author.
720 1# - ADDED ENTRY--UNCONTROLLED NAME
Name Verona, Lea Katrine S.,
Relator term adviser.
720 1# - ADDED ENTRY--UNCONTROLLED NAME
Name Infante, Leonisa O.,
Relator term panelist, chair.
720 1# - ADDED ENTRY--UNCONTROLLED NAME
Name Luzon, April Z.,
Relator term panelist.
720 1# - ADDED ENTRY--UNCONTROLLED NAME
Name Villar, Mariber M.,
Relator term panelist.
942 ## - ADDED ENTRY ELEMENTS (KOHA)
Source of classification or shelving scheme Dewey Decimal Classification
Suppress in OPAC No
Koha item type Unpublished Materials
Classification part L119a
Call number prefix UTH
Call number suffix 2025
Holdings
Withdrawn status Lost status Source of classification or shelving scheme Damaged status Not for loan Home library Current library Shelving location Date acquired Total Checkouts Full call number Barcode Date last seen Copy number Price effective from Koha item type
    Dewey Decimal Classification     CAMPUS CSPC CAMPUS CSPC Undergraduate Thesis Section 02/23/2026   UTH BSOA L119a 2025 00284UM-BUH 02/26/2026 1-1 02/26/2026 Unpublished Materials